书目信息 |
| 题名: |
深海生物
|
|
| 作者: | 霍伊特 著 ;张飒 译 | |
| 分册: | ||
| 出版信息: | 上海 上海科学技术文献出版社 2024.03 |
|
| 页数: | 281页 | |
| 开本: | 25cm | |
| 丛书名: | ||
| 单 册: | ||
| 中图分类: | Q178.533 | |
| 科图分类: | ||
| 主题词: | 深海生物--shen hai sheng wu | |
| 电子资源: | ||
| ISBN: | 978-7-5439-8992-4 | |
| 000 | 01265nam0 2200265 450 | |
| 001 | 95952 | |
| 005 | 20250911125400.24 | |
| 010 | @a978-7-5439-8992-4@dCNY228.00 | |
| 100 | @a20240430d2024 em y0chiy50 ea | |
| 101 | 1 | @achi@ceng |
| 102 | @aCN@b310000 | |
| 105 | @aa z 000yy | |
| 106 | @ar | |
| 200 | 1 | @a深海生物@Ashen hai sheng wu@d= Creatures of the deep@f(美) 埃里克·霍伊特著@g张飒译@zeng |
| 210 | @a上海@c上海科学技术文献出版社@d2024.03 | |
| 215 | @a281页@c彩图@d25cm | |
| 314 | @a埃里克·霍伊特, 一生中大部分时间不是在海上就是在海洋附近, 研究鲸鱼和海豚的日常生活并致力于保护它们的栖息地。他写的书涉及海洋野生动物、蚂蚁、昆虫、保护区和其他自然历史主题。 | |
| 330 | @a本书带领读者前往最深的海底, 并穿越地球上最大的山脉-大洋中脊。在这里, 可以看到最小的生物体是如何养活最大的海洋捕食者的, 以及为什么统计海洋中每一种动物的项目对健康的世界海洋的未来如此关键。一路上还能发现种种奇妙生物, 从500岁的蛤蜊到奇特美丽但无情致命的水母, 从虎鲸和鲨鱼之间的殊死搏斗到与大王鱿的罕见邂逅。 | |
| 500 | 10 | @aCreatures of the deep@mChinese |
| 606 | 0 | @a深海生物@Ashen hai sheng wu |
| 690 | @aQ178.533@v5 | |
| 701 | 1 | @a霍伊特@Ahuo yi te@g(Hoyt, Erich)@4著 |
| 702 | 0 | @a张飒@Azhang sa@4译 |
| 801 | 0 | @aCN@c20250909 |
| 905 | @a河南城建学院图书馆@dQ178.533@eH979@f1 | |
| 深海生物= Creatures of the deep/(美) 埃里克·霍伊特著/张飒译.-上海:上海科学技术文献出版社,2024.03 |
| 281页:彩图;25cm |
| ISBN 978-7-5439-8992-4:CNY228.00 |
| 本书带领读者前往最深的海底, 并穿越地球上最大的山脉-大洋中脊。在这里, 可以看到最小的生物体是如何养活最大的海洋捕食者的, 以及为什么统计海洋中每一种动物的项目对健康的世界海洋的未来如此关键。一路上还能发现种种奇妙生物, 从500岁的蛤蜊到奇特美丽但无情致命的水母, 从虎鲸和鲨鱼之间的殊死搏斗到与大王鱿的罕见邂逅。 |
| ● |
| 相关链接 |
|
|
|
正题名:深海生物
索取号:Q178.533/H979
 
预约/预借
| 序号 | 登录号 | 条形码 | 馆藏地/架位号 | 状态 | 备注 |
| 1 | 1630087 | 216300875 | 自科库401/401自科库 26排2列3层/ [索取号:Q178.533/H979] | 在馆 |